00318nam a2200121Ia 4500008004100000041000800041082001400049100002100063245004500084260003400129300002600163365000700189240624s9999 xx 000 0 und d aeng a004.6 PAL aPALMER MICHAEL J aHANDS ON NETWORKING ESSENTIALS WITH PROJ c1998aSingaporebThomson Asia axxi, : 432 : cm. ; 26 cRS